[Event "29. Klatovy C 2023"]
[Site "Klatovy"]
[Date "2023.07.08"]
[Round "8.12"]
[White "Danko, Jiri"]
[Black "Macho, Miloslav"]
[Result "1/2-1/2"]
[WhiteElo "1873"]
[BlackElo "1705"]
[PlyCount "83"]
[EventDate "2023.07.01"]
[EventType "swiss"]
[EventRounds "9"]
[EventCountry "CZE"]

1. e4 Nf6 2. e5 Nd5 3. Nc3 Nxc3 4. bxc3 e6 5. Nf3 b6 6. d4 Bb7 7. Bd3 Be7 8. Qe2 d5 9. O-O Nd7 10. c4 c6 11. a4 dxc4 12. Bxc4 Qc7 13. Bd3 Rc8 14. Bd2 c5 15. c3 Qd8 16. Rfc1 Bxf3 17. Qxf3 c4 18. Bc2 Nxe5 19. Qe2 Ng6 20. g3 O-O 21. h4 Re8 22. h5 Nf8 23. Rab1 Bf6 24. f4 Qd7 25. Rb4 Qc7 26. Be4 Be7 27. Rbb1 Rb8 28. Bc2 Bd6 29. Re1 Rbc8 30. Qg4 f5 31. Qf3 Nd7 32. Re2 Nf6 33. Rbe1 Qf7 34. Rh2 Nd5 35. Rh4 Be7 36. Rh1 Bf6 37. Rb1 Qd7 38. Qe2 Be7 39. Be1 Bf8 40. Bd2 Red8 41. Be1 Re8 42. Bd2 1/2-1/2

[Event "29. Klatovy C 2023"]
[Site "Klatovy"]
[Date "2023.07.08"]
[Round "8.13"]
[White "Vachal, Josef"]
[Black "Vavrinek, Tomas"]
[Result "1/2-1/2"]
[WhiteElo "1762"]
[BlackElo "1698"]
[PlyCount "49"]
[EventDate "2023.07.01"]
[EventType "swiss"]
[EventRounds "9"]
[EventCountry "CZE"]

1. d4 d5 2. e3 Nf6 3. Bd3 e6 4. Nd2 b6 5. f4 Bb7 6. Ngf3 Nbd7 7. O-O c5 8. c3 Be7 9. Ne5 O-O 10. Qf3 Ne8 11. Qh3 f5 12. g4 g6 13. Ndf3 Nxe5 14. Nxe5 Bf6 15. Bd2 Nd6 16. Rf2 cxd4 17. exd4 Ne4 18. Rg2 Bxe5 19. fxe5 Nxd2 20. Rxd2 Rf7 21. Rg2 Rg7 22. Rf1 Qd7 23. Qh6 Rf8 24. Qg5 Rff7 25. h4 1/2-1/2

[Event "29. Klatovy C 2023"]
[Site "Klatovy"]
[Date "2023.07.08"]
[Round "8.14"]
[White "Prachar, Josef"]
[Black "Nisztuk, Michal"]
[Result "0-1"]
[WhiteElo "1732"]
[BlackElo "1424"]
[PlyCount "118"]
[EventDate "2023.07.01"]
[EventType "swiss"]
[EventRounds "9"]
[EventCountry "CZE"]

1. Nf3 d5 2. g3 c5 3. Bg2 Nc6 4. O-O e5 5. d3 Bg4 6. Nbd2 Nf6 7. c3 Bd6 8. Qc2 O-O 9. e4 d4 10. Nc4 Bc7 11. a4 Be6 12. Nfd2 Qd7 13. Re1 Rad8 14. Bf1 Bh3 15. Be2 Ng4 16. Nf3 h6 17. Nh4 Ne7 18. f3 Nf6 19. cxd4 exd4 20. Bd2 Nh5 21. e5 f6 22. Bf1 Bxf1 23. Rxf1 Qh3 24. Be1 fxe5 25. Qg2 Qe6 26. Qe2 Nf5 27. Nxf5 Qxf5 28. Bd2 Nf6 29. Ra3 Qh3 30. Qg2 Qf5 31. Qe2 Rd7 32. Kg2 Rdf7 33. Raa1 Qh5 34. Rae1 Nd7 35. Qe4 b6 36. Bc1 Nf6 37. Qe2 Nd7 38. Qe4 Re7 39. Qd5+ Kh8 40. Qe4 Nf6 41. Qe2 Nd5 42. Qe4 Nf6 43. Qe2 Qe8 44. b3 Qc6 45. Kg1 a6 46. Qg2 Nd5 47. Bd2 b5 48. Nb2 Nc3 49. Rc1 Ref7 50. Bxc3 dxc3 51. Rxc3 Rxf3 52. Rxf3 Rxf3 53. Rc2 Bb6 54. a5 Ba7 55. d4 e4 56. Rf2 cxd4 57. Rxf3 exf3 58. Qf2 Qc1+ 59. Qf1 d3+ 0-1

[Event "29. Klatovy C 2023"]
[Site "Klatovy"]
[Date "2023.07.08"]
[Round "8.16"]
[White "Tomecek, Marian"]
[Black "Burgermeister, Michal"]
[Result "0-1"]
[WhiteElo "1294"]
[BlackElo "1745"]
[PlyCount "115"]
[EventDate "2023.07.01"]
[EventType "swiss"]
[EventRounds "9"]
[EventCountry "CZE"]

1. e4 c5 2. b3 Nc6 3. Bb2 d5 4. e5 Bf5 5. Nf3 e6 6. Bb5 Qb6 7. Bxc6+ Qxc6 8. O-O d4 9. d3 Ne7 10. Nh4 Bg6 11. Nd2 Nd5 12. Nxg6 hxg6 13. Ne4 Rh5 14. Re1 Rxe5 15. Qf3 Rf5 16. Qg4 Be7 17. a3 Nf6 18. Nxf6+ Bxf6 19. Re4 O-O-O 20. b4 b6 21. bxc5 bxc5 22. Rb1 Rh8 23. Qg3 Rg5 24. Qf3 Qc7 25. h3 Rf5 26. Qe2 e5 27. Rf1 Qd7 28. g4 Rf4 29. Rxf4 exf4 30. Qf3 Qb7 31. Qxb7+ Kxb7 32. Kg2 Re8 33. Kf3 g5 34. Rb1 Kc6 35. Rc1 Kd5 36. c4+ dxc3 37. Bxc3 Bxc3 38. Rxc3 Rb8 39. Ke2 Rb2+ 40. Kf1 a5 41. f3 a4 42. Rc4 Rb3 43. Rxa4 Rxd3 44. Ra7 Rxf3+ 45. Kg2 Rg3+ 46. Kh2 f6 47. a4 Ra3 48. a5 Kc6 49. a6 Kb6 50. Rxg7 Rxa6 51. Rg6 Kb5 52. h4 gxh4 53. Rh6 c4 54. Rxh4 c3 55. Kg2 Rc6 56. Rh1 c2 57. Rc1 Rc3 58. Kf2 0-1

[Event "29. Klatovy C 2023"]
[Site "Klatovy"]
[Date "2023.07.08"]
[Round "8.17"]
[White "Rezny, Frantisek"]
[Black "Sykora, Vaclav"]
[Result "1/2-1/2"]
[WhiteElo "1476"]
[BlackElo "1380"]
[PlyCount "51"]
[EventDate "2023.07.01"]
[EventType "swiss"]
[EventRounds "9"]
[EventCountry "CZE"]

1. e4 d6 2. f4 Nf6 3. Nc3 Bg4 4. Nf3 Nbd7 5. Bc4 e6 6. O-O Be7 7. d4 e5 8. fxe5 dxe5 9. dxe5 Bxf3 10. Qxf3 Nxe5 11. Qe2 Qd4+ 12. Kh1 Qxc4 13. Bf4 Qxe2 14. Nxe2 Bd6 15. Nc3 O-O-O 16. Bg5 Be7 17. Bf4 Nfd7 18. Rad1 f6 19. Nb5 a6 20. Nd4 Nc5 21. Nf5 Ne6 22. Nxe7+ Kb8 23. Bxe5 fxe5 24. Nd5 Nc5 25. Rde1 Rhf8 26. Rxf8 1/2-1/2

[Event "29. Klatovy C 2023"]
[Site "Klatovy"]
[Date "2023.07.08"]
[Round "8.20"]
[White "Novy, Jan"]
[Black "Berka, Lubos"]
[Result "0-1"]
[WhiteElo "1403"]
[BlackElo "1715"]
[PlyCount "120"]
[EventDate "2023.07.01"]
[EventType "swiss"]
[EventRounds "9"]
[EventCountry "CZE"]

1. Nf3 Nf6 2. c4 g6 3. b3 Bg7 4. Bb2 d6 5. d3 e5 6. Nc3 O-O 7. h3 Nc6 8. Rc1 a6 9. a3 Bd7 10. g3 Rb8 11. Bg2 Qc8 12. g4 Re8 13. O-O h5 14. g5 Nh7 15. Kh2 Nd8 16. h4 Bg4 17. Ng1 Nc6 18. f3 Bd7 19. Ne4 Nd4 20. Bxd4 exd4 21. f4 Re7 22. Ng3 f5 23. c5 dxc5 24. Rxc5 Nf8 25. Qc2 Ne6 26. Bd5 c6 27. Rc1 Qe8 28. Bc4 b6 29. Re5 Bxe5 30. fxe5 b5 31. Bxe6+ Rxe6 32. Nf3 Rc8 33. b4 Qe7 34. Qb3 Kg7 35. Rc5 Qe8 36. Qb2 Re7 37. Qxd4 Be6 38. Qf4 Rf7 39. Nd4 Bd5 40. e6 Re7 41. Ndxf5+ gxf5 42. Nxf5+ Kh7 43. Nxe7 Qxe7 44. Qf5+ Kg7 45. Qe5+ Kg8 46. Qf5 Qc7+ 47. Kh3 Rf8 48. Qg6+ Qg7 49. Qxg7+ Kxg7 50. Kg3 Rc8 51. Kf4 Bxe6 52. e4 Kf7 53. d4 Ke7 54. d5 cxd5 55. Rxc8 Bxc8 56. exd5 Kd6 57. g6 Kxd5 58. Kg5 Ke5 59. g7 Be6 60. Kxh5 Kf6 0-1

[Event "29. Klatovy C 2023"]
[Site "Klatovy"]
[Date "2023.07.08"]
[Round "8.21"]
[White "Hanzlik, Jiri"]
[Black "Stanke, Vilem"]
[Result "0-1"]
[WhiteElo "1585"]
[BlackElo "1306"]
[PlyCount "38"]
[EventDate "2023.07.01"]
[EventType "swiss"]
[EventRounds "9"]
[EventCountry "CZE"]

1. e4 e5 2. Nf3 Nc6 3. Bc4 Bc5 4. O-O Nf6 5. Nc3 O-O 6. a3 a6 7. d3 d6 8. Bg5 Qe7 9. h3 Be6 10. Bxe6 Qxe6 11. Bxf6 Qxf6 12. Nd5 Qd8 13. Qd2 Nd4 14. Nxd4 Bxd4 15. c3 Ba7 16. Qe2 c6 17. Ne3 Qg5 18. Qg4 Bxe3 19. fxe3 Qxe3+ 0-1

[Event "29. Klatovy C 2023"]
[Site "Klatovy"]
[Date "2023.07.09"]
[Round "9.2"]
[White "Sedlak, Ludek"]
[Black "Hlavac, Rudolf"]
[Result "1/2-1/2"]
[WhiteElo "1885"]
[BlackElo "1845"]
[PlyCount "91"]
[EventDate "2023.07.01"]
[EventType "swiss"]
[EventRounds "9"]
[EventCountry "CZE"]
[TimeControl "120+30"]

1. e4 {[%emt 0:00:03]} c5 {[%emt 0:01:51]} 2. Nc3 {[%emt 0:00:10]} Nc6 {[%emt 0:00:15]} 3. g3 {[%emt 0:00:11]} g6 {[%emt 0:00:14]} 4. Bg2 {[%emt 0:00:07]} Bg7 {[%emt 0:00:27]} 5. d3 {[%emt 0:00:20]} d6 {[%emt 0:00:29]} 6. Be3 {[%emt 0:00:25]} e5 {[%emt 0:01:18]} 7. Qd2 {[%emt 0:04:12]} Be6 {[%emt 0:02:42]} 8. Nge2 {[%emt 0:04:55]} Qd7 {[%emt 0:00:38]} 9. Nd5 {[%emt 0:02:39]} Bxd5 {[%emt 0:05:01]} 10. exd5 {[%emt 0:00:04]} Nce7 {[%emt 0:00:23]} 11. O-O {[%emt 0:01:23]} Nf5 {[%emt 0:06:30]} 12. Nc3 {[%emt 0:04:25]} Nxe3 {[%emt 0:02:33]} 13. fxe3 {[%emt 0:13:55]} Nf6 {[%emt 0:09:43]} 14. Rab1 {[%emt 0:06:38]} O-O {[%emt 0:03:06]} 15. Rf3 {[%emt 0:06:20]} Qe7 {[%emt 0:04:52]} 16. Rbf1 {[%emt 0:01:44]} h6 {[%emt 0:02:44]} 17. Qf2 {[%emt 0:04:50]} Ng4 {[%emt 0:01:10]} 18. Qe2 {[%emt 0:00:32]} Nf6 {[%emt 0:01:33]} 19. h3 {[%emt 0:02:58]} Rab8 {[%emt 0:01:30]} 20. Qf2 {[%emt 0:02:31]} Nd7 {[%emt 0:00:48]} 21. g4 {[%emt 0:06:39]} b5 {[%emt 0:03:39]} 22. Ne4 {[%emt 0:01:08]} f6 {[%emt 0:09:36]} 23. Ng3 {[%emt 0:05:51]} b4 {[%emt 0:02:48]} 24. e4 {[%emt 0:03:28]} Rb6 {[%emt 0:01:39]} 25. Ne2 {[%emt 0:01:26]} a5 {[%emt 0:05:50]} 26. h4 {[%emt 0:00:42]} a4 {[%emt 0:02:59]} 27. h5 {[%emt 0:00:56]} f5 {[%emt 0:01:55]} 28. gxf5 {[%emt 0:01:11]} g5 {[%emt 0:01:04]} 29. Rg3 {[%emt 0:19:41]} Ra8 {[%emt 0:05:32]} 30. f6 {[%emt 0:03:41]} Nxf6 {[%emt 0:01:27]} 31. Rf3 {[%emt 0:00:17]} Rf8 {[%emt 0:00:43]} 32. Ng3 {[%emt 0:00:20]} Ng4 {[%emt 0:10:28]} 33. Rxf8+ {[%emt 0:03:22]} Qxf8 {[%emt 0:02:24]} 34. Qe2 {[%emt 0:00:32]} Nf6 {[%emt 0:00:34]} 35. Bh3 {[%emt 0:01:13]} Qe8 {[%emt 0:02:00]} 36. Be6+ {[%emt 0:03:08]} Kh8 {[%emt 0:00:50]} 37. Bf5 {[%emt 0:02:28]} Rb8 {[%emt 0:01:22]} 38. Bg6 {[%emt 0:00:32]} Qd7 {[%emt 0:00:50]} 39. Nf5 {[%emt 0:00:54]} Rf8 {[%emt 0:00:34]} 40. Rf2 {[%emt 0:01:44]} Ng8 {[%emt 0:03:05]} 41. Qg4 {[%emt 0:05:03]} Qd8 {[%emt 0:04:16]} 42. Qg2 {[%emt 0:02:26]} Rf6 {[%emt 0:02:44]} 43. Ng3 {[%emt 0:03:29]} Rf4 {[%emt 0:02:42]} 44. Qf1 {[%emt 0:03:27]} Qf6 {[%emt 0:01:06]} 45. b3 {[%emt 0:04:02]} axb3 {[%emt 0:00:44]} 46. axb3 {[%emt 0:00:22]} 1/2-1/2

[Event "29. Klatovy C 2023"]
[Site "Klatovy"]
[Date "2023.07.09"]
[Round "9.3"]
[White "Pribyl, Josef"]
[Black "Ondrejat, Miroslav"]
[Result "1/2-1/2"]
[WhiteElo "2230"]
[BlackElo "1834"]
[PlyCount "29"]
[EventDate "2023.07.01"]
[EventType "swiss"]
[EventRounds "9"]
[EventCountry "CZE"]
[TimeControl "120+30"]

1. b3 {[%emt 0:07:31]} e5 {[%emt 0:00:38]} 2. Bb2 {[%emt 0:00:33]} Nc6 {[%emt 0:00:08]} 3. e3 {[%emt 0:00:35]} d6 {[%emt 0:02:05]} 4. g3 {[%emt 0:01:01]} Nf6 {[%emt 0:01:52]} 5. Bg2 {[%emt 0:00:17]} Be7 {[%emt 0:00:15]} 6. Ne2 {[%emt 0:01:16]} O-O {[%emt 0:00:09]} 7. c4 {[%emt 0:00:31]} Bf5 {[%emt 0:04:24]} 8. d3 {[%emt 0:02:08]} Qd7 {[%emt 0:07:11]} 9. h3 {[%emt 0:04:21]} h6 {[%emt 0:11:35]} 10. Nbc3 {[%emt 0:01:06]} Rab8 {[%emt 0:03:18]} 11. Qd2 {[%emt 0:02:35]} Rfe8 {[%emt 0:06:19]} 12. Nd5 {[%emt 0:04:35]} Nxd5 {[%emt 0:07:55]} 13. cxd5 {[%emt 0:00:10]} Nd8 {[%emt 0:01:15]} 14. e4 {[%emt 0:05:28]} Bh7 {[%emt 0:00:38]} 15. O-O {[%emt 0:03:14]} 1/2-1/2

[Event "29. Klatovy C 2023"]
[Site "Klatovy"]
[Date "2023.07.09"]
[Round "9.4"]
[White "Novotny, Jaroslav2"]
[Black "Turner, Radek"]
[Result "1/2-1/2"]
[WhiteElo "1890"]
[BlackElo "1991"]
[PlyCount "55"]
[EventDate "2023.07.01"]
[EventType "swiss"]
[EventRounds "9"]
[EventCountry "CZE"]
[TimeControl "120+30"]

1. e4 {[%emt 0:00:07]} e6 {[%emt 0:00:06]} 2. d4 {[%emt 0:00:06]} d5 {[%emt 0:00:04]} 3. e5 {[%emt 0:00:06]} c5 {[%emt 0:00:10]} 4. c3 {[%emt 0:00:05]} Nc6 {[%emt 0:00:06]} 5. Nf3 {[%emt 0:00:06]} Bd7 {[%emt 0:00:10]} 6. a3 {[%emt 0:00:14]} cxd4 {[%emt 0:02:25]} 7. cxd4 {[%emt 0:00:13]} f6 {[%emt 0:01:08]} 8. b4 {[%emt 0:01:40]} Rc8 {[%emt 0:01:00]} 9. Bb2 {[%emt 0:00:26]} fxe5 {[%emt 0:02:04]} 10. dxe5 {[%emt 0:00:38]} Nh6 {[%emt 0:01:41]} 11. Bd3 {[%emt 0:01:02]} Be7 {[%emt 0:01:51]} 12. O-O {[%emt 0:00:09]} O-O {[%emt 0:00:38]} 13. Nbd2 {[%emt 0:01:25]} Be8 {[%emt 0:01:52]} 14. Rc1 {[%emt 0:10:33]} a6 {[%emt 0:02:10]} 15. Nb3 {[%emt 0:22:08]} Bh5 {[%emt 0:03:59]} 16. Be2 {[%emt 0:00:20]} Bxf3 {[%emt 0:22:11]} 17. Bxf3 {[%emt 0:00:05]} b6 {[%emt 0:07:31]} 18. Qe2 {[%emt 0:10:47]} Bg5 {[%emt 0:41:27]} 19. Rc2 {[%emt 0:01:23]} Nb8 {[%emt 0:06:02]} 20. Bc1 {[%emt 0:10:51]} Rxc2 {[%emt 0:02:13]} 21. Qxc2 {[%emt 0:00:17]} Bxc1 {[%emt 0:01:38]} 22. Rxc1 {[%emt 0:02:40]} Qg5 {[%emt 0:00:39]} 23. Qe2 {[%emt 0:12:44]} a5 {[%emt 0:01:12]} 24. bxa5 {[%emt 0:05:00]} bxa5 {[%emt 0:00:16]} 25. Rc7 {[%emt 0:04:50]} Nf5 {[%emt 0:00:34]} 26. Bg4 {[%emt 0:05:39]} a4 {[%emt 0:00:16]} 27. Bxf5 {[%emt 0:02:20]} Qxf5 {[%emt 0:00:08]} 28. Nd2 {[%emt 0:05:31]} 1/2-1/2

[Event "29. Klatovy C 2023"]
[Site "Klatovy"]
[Date "2023.07.09"]
[Round "9.5"]
[White "Fiser, Jiri2"]
[Black "Korsa, Jindrich"]
[Result "0-1"]
[WhiteElo "1784"]
[BlackElo "1997"]
[PlyCount "116"]
[EventDate "2023.07.01"]
[EventType "swiss"]
[EventRounds "9"]
[EventCountry "CZE"]
[TimeControl "120+30"]

1. e4 {[%emt 0:00:01]} d5 {[%emt 0:00:06]} 2. exd5 {[%emt 0:00:06]} Qxd5 {[%emt 0:00:04]} 3. Nc3 {[%emt 0:00:09]} Qa5 {[%emt 0:00:04]} 4. d4 {[%emt 0:00:37]} c6 {[%emt 0:00:06]} 5. Bc4 {[%emt 0:00:20]} Nf6 {[%emt 0:00:12]} 6. Nge2 {[%emt 0:00:13]} Bf5 {[%emt 0:00:32]} 7. O-O {[%emt 0:00:14]} e6 {[%emt 0:00:09]} 8. Ng3 {[%emt 0:05:31]} Bd6 {[%emt 0:04:31]} 9. Bd2 {[%emt 0:10:19]} Qc7 {[%emt 0:00:31]} 10. Nxf5 {[%emt 0:04:05]} exf5 {[%emt 0:01:44]} 11. Re1+ {[%emt 0:00:13]} Kf8 {[%emt 0:00:04]} 12. h3 {[%emt 0:00:27]} Nbd7 {[%emt 0:00:18]} 13. Qf3 {[%emt 0:00:31]} f4 {[%emt 0:05:36]} 14. Ne4 {[%emt 0:28:54]} Nxe4 {[%emt 0:00:33]} 15. Qxe4 {[%emt 0:00:09]} Nf6 {[%emt 0:00:42]} 16. Qf5 {[%emt 0:09:36]} Qd7 {[%emt 0:05:18]} 17. Qxd7 {[%emt 0:01:24]} Nxd7 {[%emt 0:00:25]} 18. Re2 {[%emt 0:00:09]} g5 {[%emt 0:04:50]} 19. Rae1 {[%emt 0:01:39]} h5 {[%emt 0:00:18]} 20. f3 {[%emt 0:02:30]} b5 {[%emt 0:06:43]} 21. Bd3 {[%emt 0:00:02]} Nf6 {[%emt 0:00:18]} 22. Bf5 {[%emt 0:04:31]} Rg8 {[%emt 0:01:27]} 23. c3 {[%emt 0:12:46]} Rd8 {[%emt 0:03:16]} 24. b4 {[%emt 0:04:44]} Nd5 {[%emt 0:12:22]} 25. Kf2 {[%emt 0:01:48]} Kg7 {[%emt 0:02:34]} 26. Be4 {[%emt 0:01:25]} Ne7 {[%emt 0:06:17]} 27. a4 {[%emt 0:02:42]} a6 {[%emt 0:00:12]} 28. Bc2 {[%emt 0:06:21]} Kf6 {[%emt 0:00:31]} 29. a5 {[%emt 0:00:35]} Rd7 {[%emt 0:05:51]} 30. Bb1 {[%emt 0:01:24]} Rgd8 {[%emt 0:00:45]} 31. Rd1 {[%emt 0:04:47]} Bc7 {[%emt 0:00:59]} 32. Bc2 {[%emt 0:00:26]} Nf5 {[%emt 0:06:02]} 33. Bxf5 {[%emt 0:00:10]} Kxf5 {[%emt 0:00:00]} 34. Rde1 {[%emt 0:01:05]} Kf6 {[%emt 0:02:07]} 35. Re8 {[%emt 0:00:18]} Bd6 {[%emt 0:00:26]} 36. Rxd8 {[%emt 0:00:24]} Rxd8 {[%emt 0:00:00]} 37. Bc1 {[%emt 0:01:00]} Kg7 {[%emt 0:03:50]} 38. Re4 {[%emt 0:01:05]} f6 {[%emt 0:00:17]} 39. Re1 {[%emt 0:04:22]} Kf7 {[%emt 0:00:24]} 40. Re4 {[%emt 0:07:14]} f5 {[%emt 0:03:46]} 41. Re1 {[%emt 0:00:34]} Rg8 {[%emt 0:01:21]} 42. Re2 {[%emt 0:06:09]} Rg6 {[%emt 0:02:09]} 43. Bd2 {[%emt 0:00:17]} g4 {[%emt 0:04:00]} 44. hxg4 {[%emt 0:00:31]} fxg4 {[%emt 0:01:35]} 45. Re4 {[%emt 0:01:24]} Re6 {[%emt 0:00:59]} 46. Rxe6 {[%emt 0:05:24]} Kxe6 {[%emt 0:00:09]} 47. fxg4 {[%emt 0:00:08]} hxg4 {[%emt 0:00:05]} 48. Ke2 {[%emt 0:00:52]} Kf5 {[%emt 0:00:33]} 49. Kd3 {[%emt 0:01:12]} f3 {[%emt 0:03:54]} 50. gxf3 {[%emt 0:00:01]} gxf3 {[%emt 0:00:01]} 51. Be1 {[%emt 0:02:15]} Bh2 {[%emt 0:03:13]} 52. Ke3 {[%emt 0:02:05]} Kg4 {[%emt 0:00:31]} 53. d5 {[%emt 0:00:26]} cxd5 {[%emt 0:00:16]} 54. Kd4 {[%emt 0:00:02]} Bg3 {[%emt 0:00:13]} 55. Bxg3 {[%emt 0:00:41]} Kxg3 {[%emt 0:00:08]} 56. Kc5 {[%emt 0:00:07]} f2 {[%emt 0:00:04]} 57. Kb6 {[%emt 0:00:06]} f1=Q {[%emt 0:00:10]} 58. Kxa6 {[%emt 0:00:02]} Qc4 {[%emt 0:00:52]} 0-1

[Event "29. Klatovy C 2023"]
[Site "Klatovy"]
[Date "2023.07.09"]
[Round "9.6"]
[White "Plasek, Zdenek"]
[Black "Richter, Martin1"]
[Result "0-1"]
[WhiteElo "1914"]
[BlackElo "1946"]
[PlyCount "80"]
[EventDate "2023.07.01"]
[EventType "swiss"]
[EventRounds "9"]
[EventCountry "CZE"]
[TimeControl "120+30"]

1. d4 {[%emt 0:12:03]} Nf6 {[%emt 0:00:18]} 2. Nf3 {[%emt 0:00:36]} e6 {[%emt 0:00:20]} 3. g3 {[%emt 0:00:12]} b6 {[%emt 0:01:19]} 4. Bg2 {[%emt 0:00:08]} Bb7 {[%emt 0:00:07]} 5. O-O {[%emt 0:00:19]} c5 {[%emt 0:01:30]} 6. c4 {[%emt 0:02:31]} cxd4 {[%emt 0:01:02]} 7. Qxd4 {[%emt 0:01:11]} Nc6 {[%emt 0:00:40]} 8. Qd1 {[%emt 0:00:02]} Be7 {[%emt 0:04:05]} 9. Nc3 {[%emt 0:00:27]} O-O {[%emt 0:01:30]} 10. Bf4 {[%emt 0:00:41]} Na5 {[%emt 0:15:36]} 11. b3 {[%emt 0:01:39]} d5 {[%emt 0:02:22]} 12. cxd5 {[%emt 0:06:57]} Nxd5 {[%emt 0:03:04]} 13. Nxd5 {[%emt 0:01:30]} Bxd5 {[%emt 0:00:22]} 14. h4 {[%emt 0:04:58]} Rc8 {[%emt 0:05:50]} 15. Rc1 {[%emt 0:00:34]} Nc6 {[%emt 0:01:57]} 16. Qd3 {[%emt 0:05:51]} Nb4 {[%emt 0:07:03]} 17. Qb1 {[%emt 0:00:12]} h6 {[%emt 0:10:22]} 18. Rfd1 {[%emt 0:00:21]} Rxc1 {[%emt 0:00:48]} 19. Bxc1 {[%emt 0:02:29]} Qa8 {[%emt 0:03:32]} 20. a3 {[%emt 0:06:08]} Be4 {[%emt 0:03:52]} 21. Qa1 {[%emt 0:03:51]} Nc2 {[%emt 0:10:20]} 22. Qa2 {[%emt 0:01:19]} Rd8 {[%emt 0:03:33]} 23. Rxd8+ {[%emt 0:03:22]} Qxd8 {[%emt 0:03:01]} 24. Nd2 {[%emt 0:00:27]} Bxg2 {[%emt 0:03:14]} 25. Kxg2 {[%emt 0:00:03]} Nxa3 {[%emt 0:03:22]} 26. Bxa3 {[%emt 0:01:43]} Bxa3 {[%emt 0:00:12]} 27. Qxa3 {[%emt 0:06:34]} Qxd2 {[%emt 0:00:15]} 28. Qxa7 {[%emt 0:00:05]} Qd5+ {[%emt 0:00:21]} 29. f3 {[%emt 0:01:07]} Qxb3 {[%emt 0:00:36]} 30. Qa8+ {[%emt 0:02:33]} Kh7 {[%emt 0:00:32]} 31. Qe8 {[%emt 0:01:07]} Qb2 {[%emt 0:05:21]} 32. Qxf7 {[%emt 0:05:09]} Qxe2+ {[%emt 0:00:07]} 33. Kh3 {[%emt 0:00:06]} Qe5 {[%emt 0:05:55]} 34. Qb7 {[%emt 0:03:17]} b5 {[%emt 0:01:05]} 35. Kg2 {[%emt 0:03:58]} Qd5 {[%emt 0:02:11]} 36. Qb6 {[%emt 0:00:51]} Qc4 {[%emt 0:00:59]} 37. g4 {[%emt 0:09:20]} b4 {[%emt 0:00:37]} 38. Kg3 {[%emt 0:00:53]} b3 {[%emt 0:02:30]} 39. g5 {[%emt 0:02:08]} Qc2 {[%emt 0:01:28]} 40. gxh6 {[%emt 0:00:52]} b2 {[%emt 0:00:22]} 0-1

[Event "29. Klatovy C 2023"]
[Site "Klatovy"]
[Date "2023.07.09"]
[Round "9.7"]
[White "Nisztuk, Michal"]
[Black "Cecil, Pavel"]
[Result "1-0"]
[WhiteElo "1424"]
[BlackElo "1845"]
[PlyCount "120"]
[EventDate "2023.07.01"]
[EventType "swiss"]
[EventRounds "9"]
[EventCountry "CZE"]
[TimeControl "120+30"]

1. e4 {[%emt 12:06:28]} e6 {[%emt 0:00:07]} 2. d4 {[%emt 0:00:27]} d5 {[%emt 0:00:02]} 3. exd5 {[%emt 0:00:22]} exd5 {[%emt 0:00:02]} 4. c4 {[%emt 0:00:21]} Qe7+ {[%emt 0:00:38]} 5. Be3 {[%emt 0:00:54]} Nf6 {[%emt 0:05:39]} 6. Nc3 {[%emt 0:00:25]} c6 {[%emt 0:01:02]} 7. Nf3 {[%emt 0:00:50]} Be6 {[%emt 0:04:21]} 8. cxd5 {[%emt 0:01:36]} Nxd5 {[%emt 0:00:47]} 9. Bd3 {[%emt 0:00:46]} g6 {[%emt 0:03:34]} 10. O-O {[%emt 0:02:30]} Bg7 {[%emt 0:00:24]} 11. Qd2 {[%emt 0:01:08]} O-O {[%emt 0:04:22]} 12. Bg5 {[%emt 0:00:23]} Qc7 {[%emt 0:02:52]} 13. Bh6 {[%emt 0:00:41]} Nd7 {[%emt 0:02:12]} 14. Bxg7 {[%emt 0:00:52]} Kxg7 {[%emt 0:00:02]} 15. Ng5 {[%emt 0:02:01]} Rae8 {[%emt 0:01:52]} 16. Rac1 {[%emt 0:01:00]} Qf4 {[%emt 0:01:05]} 17. Nxe6+ {[%emt 0:03:19]} Rxe6 {[%emt 0:00:04]} 18. Qxf4 {[%emt 0:02:22]} Nxf4 {[%emt 0:00:03]} 19. Bc4 {[%emt 0:00:37]} Rd6 {[%emt 0:01:02]} 20. Rcd1 {[%emt 0:06:00]} Nb6 {[%emt 0:02:00]} 21. Bb3 {[%emt 0:00:40]} Rfd8 {[%emt 0:01:15]} 22. Rfe1 {[%emt 0:09:03]} Kf8 {[%emt 0:07:55]} 23. Re4 {[%emt 0:01:32]} Ne6 {[%emt 0:01:03]} 24. Rde1 {[%emt 0:01:51]} Nxd4 {[%emt 0:04:01]} 25. Bd1 {[%emt 0:01:51]} Re6 {[%emt 0:04:32]} 26. g3 {[%emt 0:02:23]} Rxe4 {[%emt 0:00:57]} 27. Nxe4 {[%emt 0:02:17]} Nd5 {[%emt 0:01:24]} 28. Kf1 {[%emt 0:02:10]} b6 {[%emt 0:03:06]} 29. f4 {[%emt 0:02:55]} h6 {[%emt 0:03:59]} 30. a3 {[%emt 0:00:47]} f5 {[%emt 0:00:37]} 31. Nf2 {[%emt 0:01:11]} Re8 {[%emt 0:00:56]} 32. Nd3 {[%emt 0:04:51]} Ne3+ {[%emt 0:02:31]} 33. Kf2 {[%emt 0:01:37]} Nxd1+ {[%emt 0:01:30]} 34. Rxd1 {[%emt 0:00:20]} c5 {[%emt 0:03:53]} 35. Ne5 {[%emt 0:00:26]} Kg7 {[%emt 0:02:03]} 36. b4 {[%emt 0:01:34]} Rc8 {[%emt 0:02:20]} 37. Rd2 {[%emt 0:01:00]} Rc7 {[%emt 0:02:40]} 38. Ke3 {[%emt 0:00:22]} a5 {[%emt 0:03:05]} 39. Kd3 {[%emt 0:02:14]} Nb5 {[%emt 0:02:35]} 40. a4 {[%emt 0:02:20]} Nd6 {[%emt 0:00:18]} 41. b5 {[%emt 0:01:50]} Nf7 {[%emt 0:03:23]} 42. Kc4 {[%emt 0:01:50]} Nxe5+ {[%emt 0:02:12]} 43. fxe5 {[%emt 0:00:02]} Re7 {[%emt 0:00:44]} 44. Rd6 {[%emt 0:01:50]} Rxe5 {[%emt 0:00:54]} 45. Rxb6 {[%emt 0:00:38]} g5 {[%emt 0:02:18]} 46. Rc6 {[%emt 0:01:50]} f4 {[%emt 0:00:20]} 47. gxf4 {[%emt 0:08:15]} gxf4 {[%emt 0:00:04]} 48. Rd6 {[%emt 0:01:24]} f3 {[%emt 0:07:45]} 49. Rd1 {[%emt 0:00:37]} Re4+ {[%emt 0:05:29]} 50. Kxc5 {[%emt 0:00:27]} Rxa4 {[%emt 0:00:13]} 51. b6 {[%emt 0:04:08]} Rb4 {[%emt 0:00:55]} 52. Ra1 {[%emt 0:01:41]} f2 {[%emt 0:00:38]} 53. Kc6 {[%emt 0:01:36]} Kg6 {[%emt 0:01:01]} 54. Rf1 {[%emt 0:02:44]} Rb2 {[%emt 0:03:36]} 55. b7 {[%emt 0:03:44]} Kg5 {[%emt 0:02:17]} 56. Rxf2 {[%emt 0:00:32]} Rxf2 {[%emt 0:00:03]} 57. b8=Q {[%emt 0:00:39]} Rf5 {[%emt 0:00:08]} 58. Qg3+ {[%emt 0:01:11]} Kf6 {[%emt 0:00:39]} 59. Kd6 {[%emt 0:00:36]} Rg5 {[%emt 0:03:24]} 60. Qf4+ {[%emt 0:01:36]} Kg6 {[%emt 0:00:10]} 1-0

[Event "29. Klatovy C 2023"]
[Site "Klatovy"]
[Date "2023.07.09"]
[Round "9.8"]
[White "Truksa, Vaclav"]
[Black "Havelka, Petr"]
[Result "1/2-1/2"]
[WhiteElo "1725"]
[BlackElo "1770"]
[PlyCount "20"]
[EventDate "2023.07.01"]
[EventType "swiss"]
[EventRounds "9"]
[EventCountry "CZE"]
[TimeControl "120+30"]

1. d4 {[%emt 0:00:03]} d5 {[%emt 0:00:10]} 2. Bf4 {[%emt 0:01:00]} Nf6 {[%emt 0:00:37]} 3. e3 {[%emt 0:00:22]} Bf5 {[%emt 0:01:48]} 4. Bd3 {[%emt 0:00:18]} Bxd3 {[%emt 0:00:42]} 5. Qxd3 {[%emt 0:00:15]} c6 {[%emt 0:01:21]} 6. Nd2 {[%emt 0:00:43]} e6 {[%emt 0:01:20]} 7. Ngf3 {[%emt 0:01:58]} Bd6 {[%emt 0:02:31]} 8. Bxd6 {[%emt 0:00:59]} Qxd6 {[%emt 0:00:17]} 9. O-O {[%emt 0:00:15]} O-O {[%emt 0:00:17]} 10. c3 {[%emt 0:02:32]} Nbd7 {[%emt 0:00:27]} 1/2-1/2